| 000 | 00000nam##2200000za#4500 |
| 001 | 9.597353 |
| 003 | CaOODSP |
| 005 | 20210624204014 |
| 007 | cr ||||||||||| |
| 008 | 150406|2001||||xxc|||||o f|0| 0 fre|d |
| 040 | |aCaOODSP|bfre |
| 043 | |an-cn--- |
| 086 | 1 |aTU3-7/01-10F-PDF |
| 110 | 2 |aBureau de la sécurité des transports du Canada. |
| 245 | 10|aÉchouement du porte-conteneurs Cast Privilege au large de l'île Saint-Ours sur le fleuve Saint-Laurent (Québec), le 29 juillet 2001 |h[ressource électronique] |
| 260 | |bBureau de la sécurité des transports du Canada |c[2002]. |
| 300 | |a11p.|bill., tableau, photographies |
| 490 | 1 |aRapport d'enquête maritime |vM01L0080 |
| 590 | |a10-05-Supp|b2010-07-20 |
| 691 | 07|aAccident maritime|2gcpds |
| 775 | 08|tGrounding - container ship Cast Privilege off Île Saint-Ours in the St. Lawrence River, 29 July 2001 |w(CaOODSP)9.565867 |
| 830 | #0|aRapport d'enquête maritime ;|vM01L0080|w(CaOODSP)9.501269 |
| 856 | 40|ahttp://publications.gc.ca|qPDF|s253 Ko|uhttps://publications.gc.ca/collections/collection_2009/bst-tsb/TU3-7-01-10F.pdf|yM01L0080 |